| 000 | 00827nam a2200229Ia 4500 | ||
|---|---|---|---|
| 001 | 6988 | ||
| 003 | GE_BSU | ||
| 008 | 181216s||||||||xx |||||||||||||| ||und|| | ||
| 040 | _cGE_BSU | ||
| 080 | _a621.317(075.32) | ||
| 100 | _aАндерс,В.Р. Антаев,Н.Ф. | ||
| 245 | _aАвтоматическое регулирование процессов переработки нефти. | ||
| 245 | _bУчебник. | ||
| 245 | _cВед. ред. П.Р.Ершов. | ||
| 250 | _aИзд. второе, исправленное и дополненное. | ||
| 260 | _aМ. | ||
| 260 | _bГостоптехиздат. | ||
| 260 | _c1954. | ||
| 300 | _a260стр;21см;илл. | ||
| 653 | _aАвтоматическое регулирование процессов переработки нефти. | ||
| 942 | _cBK | ||
| 999 |
_c40380 _d40380 |
||